| 000 | 00582nam a2200193Ia 4500 | ||
|---|---|---|---|
| 005 | 20250507130314.0 | ||
| 008 | 008 250505s9999 xx 000 0 eng d | ||
| 037 | _aSeries Article | ||
| 040 |
_aEASL _beng _cEASL |
||
| 041 |
_aeng _2eng |
||
| 084 | _qEASL | ||
| 100 | _aZhang Xiaoling | ||
| 245 | 0 | _aFrom totalitarianism to hegemony: The reconfiguration of the party-state and the transformation of Chinese communication | |
| 260 |
_aLondon _bLondon Routledge _c2011 |
||
| 300 | _a103-115 pp. | ||
| 650 | _aChina | ||
| 942 | _cSRA | ||
| 999 |
_c1318893 _d1318893 |
||